| 000 | 00570nam a2200169Ia 4500 | ||
|---|---|---|---|
| 005 | 20250424120233.0 | ||
| 008 | 250424s9999 xx 000 0 und d | ||
| 022 | _a01612387 | ||
| 050 | _aHC 107 .A17 A2/ | ||
| 245 | 0 | _aEconomic review | |
| 260 | _aKansas City, Mo. | ||
| 260 | _bFederal Reserve Bank of Kansas City | ||
| 260 | _c1992 | ||
| 300 | _a164 p. : ill. ; 24 cm. | ||
| 650 | _aWest (U.S.)--Economic conditions--Periodicals. United States--Economic conditions--1918-1945--Periodicals. United States--Economic conditions--1945---Periodicals. | ||
| 942 | _cSR | ||
| 999 |
_c38166 _d38166 |
||